[Event "Ruhrgebiet Verbandsliga Gruppe 2 1718"]
[Site "Germany"]
[Date "2018.02.25"]
[Round "7.8"]
[White "Kalle, Yannis"]
[Black "Kruse, Peter"]
[Result "1/2-1/2"]
[WhiteElo "1710"]
[BlackElo "1909"]
[PlyCount "36"]
[EventDate "2017.09.17"]
[EventType "team-tourn"]
[EventRounds "9"]
[EventCountry "GER"]
[SourceTitle "EXT 2022"]
[Source "ChessBase"]
[SourceDate "2021.10.06"]
[SourceVersion "1"]
[SourceVersionDate "2021.10.06"]
[SourceQuality "1"]
[WhiteTeam "Gerthe Werne"]
[BlackTeam "Gladbeck SG"]
[WhiteTeamCountry "GER"]
[BlackTeamCountry "GER"]

1. e4 e5 2. Nf3 Nf6 3. Nxe5 d6 4. Nf3 Nxe4 5. Qe2 Qe7 6. Nc3 Nxc3 7. Qxe7+ Bxe7 8. dxc3 Nc6 9. Bf4 Be6 10. 0-0-0 0-0-0 11. Nd4 Nxd4 12. cxd4 d5 13. Bd3 Bd6 14. Bxd6 Rxd6 15. Rde1 g6 16. Re3 Kd8 17. Kd2 Re8 18. Rhe1 Bd7 1/2-1/2

[Event "Ruhrgebiet Verbandsliga Gruppe 2 1718"]
[Site "Germany"]
[Date "2017.09.17"]
[Round "1.8"]
[White "Stachnik, Adam"]
[Black "Kalle, Yannis"]
[Result "1-0"]
[WhiteElo "1773"]
[BlackElo "1710"]
[PlyCount "35"]
[EventDate "2017.09.17"]
[EventType "team-tourn"]
[EventRounds "9"]
[EventCountry "GER"]
[SourceTitle "EXT 2022"]
[Source "ChessBase"]
[SourceDate "2021.10.06"]
[SourceVersion "1"]
[SourceVersionDate "2021.10.06"]
[SourceQuality "1"]
[WhiteTeam "Bochum SG III"]
[BlackTeam "Gerthe Werne"]
[WhiteTeamCountry "GER"]
[BlackTeamCountry "GER"]

1. e4 c5 2. d4 cxd4 3. c3 d5 4. exd5 Qxd5 5. cxd4 Nc6 6. Be3 e6 7. a3 Nf6 8. Nc3 Qa5 9. Nf3 Ne4 10. Qc2 Nxc3 11. bxc3 e5 12. Bc4 exd4 13. Nxd4 Bd6 14. Nxc6 bxc6 15. Qe4+ Kf8 16. 0-0 Qe5 17. Qxe5 Bxe5 18. Bc5+ 1-0

[Event "Ruhrgebiet Verbandsliga Gruppe 1 1617"]
[Site "Germany"]
[Date "2017.03.12"]
[Round "8.8"]
[White "Kalle, Yannis"]
[Black "Kroeger, Fabian"]
[Result "0-1"]
[WhiteElo "1666"]
[BlackElo "2216"]
[PlyCount "58"]
[EventDate "2016.09.04"]
[EventType "team-tourn"]
[EventRounds "9"]
[EventCountry "GER"]
[SourceTitle "EXT 2022"]
[Source "ChessBase"]
[SourceDate "2021.10.06"]
[SourceVersion "1"]
[SourceVersionDate "2021.10.06"]
[SourceQuality "1"]
[WhiteTeam "Gerthe Werne"]
[BlackTeam "Horst Emscher"]
[WhiteTeamCountry "GER"]
[BlackTeamCountry "GER"]

1. e4 c5 2. Nf3 g6 3. d4 cxd4 4. Nxd4 Nf6 5. Nc3 d6 6. f3 Bg7 7. Be3 Nc6 8. Bc4 Qb6 9. Nf5 Qxb2 10. Nxg7+ Kf8 11. Bd2 Kxg7 12. Bb3 Qa3 13. h4 h5 14. Qe2 Nd4 15. Qf2 Nxb3 16. cxb3 Be6 17. Qe3 Rac8 18. Nb5 Qc5 19. Nd4 Bd7 20. Rc1 Qb6 21. Rxc8 Rxc8 22. Qh6+ Kg8 23. Be3 Qa5+ 24. Bd2 Qa6 25. g4 Qd3 26. Nf5 Bxf5 27. gxf5 Qb1+ 28. Ke2 Qxh1 29. fxg6 Qg2+ 0-1